=LDR 00000nam 2200000 4500 =001 INLIS000000000003965 =005 20130612092247 =008 ***********************************Eng** =035 ##$$0010-061300000003965 =041 ##$$a Eng =082 ##$$a 911.598 =090 ##$$a 911.598, Gas r =100 ##$$a Gastellu-Etchegorry, Jean-Philippe =245 ##$$a Remote sensing with spot, an assessment of spot capability in Indonesia, Jean-Philippe Gastellu-Etchegorry =260 ##$$a 1988 $b Yogyakarta =300 ##$$a 153 hlm., ilus., 29 cm =650 ##$$a Geografi historis =650 ##$$a Indonesia =850 ##$$a NBPNMAT